000 00506nmm a2200169Ia 4500
008 251105s9999||||xx |||||||||||||||||und||
020 _a9788499679341
041 _aspa
100 _aSan Juan, Víctor
245 0 _aBreve historia de las Batallas navales del Mediterráneo
264 _a[Madrid, España] :
_bEdiciones Nowtilus,
_c2018
300 _a352 páginas
490 _aBreve historia
650 _aHistory (General)
856 _uhttps://public.digitaliapublishing.com/a/171849
942 _cCF
999 _c93206
_d93206